Statistics for U.S. Codes Super Trivia

Click here to take the quiz!

General Stats

  • This quiz has been taken 6 times
  • The average score is 20 of 50

Answer Stats

HintState% Correct
From it to it, the alphabetARIZONA
80%
German internet domainDELAWARE
80%
Hello, colloquiallyHAWAII
80%
The guard asked me to show him my ___ CardIDAHO
80%
Between Re and FaMICHIGAN
80%
Gas that illuminates the Sin CityNEBRASKA
80%
No comments...NORTH CAROLINA
80%
Just choose A __ B, but not both of themOREGON
80%
nuS fo doG (naitpygE)ARKANSAS
60%
With double vowel, James Brown's I ___ GoodFLORIDA
60%
If you add the first name of Wonder Woman, you get itINDIANA
60%
Want to split with you, but it's not you, honey, it's just __MAINE
60%
The _ _s & the Papas, "California Dreamin'"MASSACHUSETTS
60%
___ Helens, WA, e.g.MONTANA
60%
Unit of pressure, named after a french scientist and philosopherPENNSYLVANIA
60%
Grand-niece of Peggy, agent of S.H.I.E.L.D.SOUTH CAROLINA
60%
The Bundy shoe salesmanALABAMA
40%
Mijaíl Kaláshnikov invented it in 1947ALASKA
40%
_operate with us, help usCOLORADO
40%
Abbreviation for measuring gold's qualityCONNECTICUT
40%
This lady had a bad romance with AlejandroGEORGIA
40%
Artificial Intelligence, in spanishIOWA
40%
Gosling's and Stone's landLOUISIANA
40%
Depeche oe sings "Personal Jesus"MARYLAND
40%
Twice, it's the name of Michael Ende's little girl
with empathetic powers,
MISSOURI
40%
He directed "Interview with the Vampire"NEW JERSEY
40%
What Poe's crow repeated over and overNEW MEXICO
40%
Greek female deity - Miles per Hour = ?NEW YORK
40%
Quasimodo lived hereNORTH DAKOTA
40%
Alright!OKLAHOMA
40%
"Thanks" on chats and social networksTEXAS
40%
Inventor of the llusion TransmitterVERMONT
40%
In Australia, Perth is its capital cityWASHINGTON
40%
With & in the middle, Retail CompanyCALIFORNIA
20%
If the "e" drops off, you won't be able to open the doorKENTUCKY
20%
Its Atomic Number is 25MINNESOTA
20%
A thousandth of a secondMISSISSIPPI
20%
The worst thing that can happen while booking a hotelNEVADA
20%
Multifaceted american artist born in 1938, mainly known for her
Sun Tunnels.
NEW HAMPSHIRE
20%
In Chemistry, HydroxideOHIO
20%
Japanese unit of lengthRHODE ISLAND
20%
InGen wanted to create a second Jurassic Park in this californian citySOUTH DAKOTA
20%
She put on a yellow jumpsuit to Kill BillUTAH
20%
U.S. Department that takes care of the Pearl Harbor survivors, e.g.VIRGINIA
20%
Where NCAA Leathernecks play their home gamesWISCONSIN
20%
"The" in italian, for a male nounILLINOIS
0%
The eldest child of The GovernatorKANSAS
0%
Author of the book "Queenship in medieval Europe"TENNESSEE
0%
NASCAR broadcaster, daughter to "Big Bill"WEST VIRGINIA
0%
Oman airlinesWYOMING
0%

Score Distribution

Percentile by Number Answered

Percent of People with Each Score

Your Score History

You have not taken this quiz